15 African Countries with the Highest Road Quality. - Statistics

General Stats
  • This quiz has been taken 15 times
  • The average score is 14 of 15
Answer Stats
Hint Answer % Correct
4 Algeria
100%
4 Cape Verde
100%
5.1 Egypt
100%
4.1 Kenya
100%
4.7 Mauritius
100%
4.7 Morocco
100%
5.3 Namibia
100%
4.1 Senegal
100%
4.5 South Africa
100%
4.1 Tanzania
100%
3.8 Botswana
93%
3.9 Burundi
93%
4 Seychelles
93%
4.8 Rwanda
87%
4 Swaziland
73%
No matching quizzes found
Score Distribution
Percent of People with Each Score
Percentile by Number Answered
Your Score History
You have not taken this quiz